| 000 | 00508nam a2200169 4500 | ||
|---|---|---|---|
| 001 | 113450 | ||
| 003 | ES-MaACL | ||
| 005 | 20230906185910.0 | ||
| 007 | t| | ||
| 008 | 061121s1966 sp r ||||1| spa d | ||
| 100 | 1 |
_aNoack, Hermann. _985793 |
|
| 245 | 1 | 3 |
_aLa filosofía europea occidental / _cHermann Noack ; versión española de Rafael de la Vega. |
| 260 |
_aMadrid : _bGredos, _c1966. |
||
| 300 |
_a478 p. ; _c20 cm. |
||
| 700 | 1 |
_aVega, Rafael de la. _9113581 |
|
| 852 |
_aES-MaACL _jC-29719 _bR.59948 |
||
| 999 |
_c113450 _d113450 |
||